00595nam a2200181 i 450000100060000000300090000600500170001500700030003200800410003508000180007610000340009424500420012826000500017030000320022085200220025299900170027495201220029145635ES-MaACL20250822063117.0t|030326s1966 sp f ||||1| spa d a946.733 Alcoy1 aColoma Payá, Rafael915634810aLecturas alcoyanas / cRafael Coloma. aAlcoy : b[s.n.], c1966 (fImp. La Victoria) a176 p., 4 lám. ; c20 cm. aES-MaACLjC-50536 c45635d45635 00104070aATENEOMbATENEOMcDEPO2d2008-01-17eSCl0oC-50536p1048012r2023-02-23 00:00:00w2023-02-23yMONOGRAFIA